000 01126nam a2200241Ia 4500
003 Ost
005 20260507075655.0
008 260507s9999||||xx |||||||||||||| ||und||
020 _a977383025X
040 _cfsecg
041 _aara
082 _a658.301
100 _aالبرادعي، بسيوني محمد
_eمؤلف
245 0 _aتنمية مهارات تخطيط الموارد البشرية /
_c بسيوني محمد البرادعي
260 _aالقاهرة:
_bايتراك للطباعة والنشر,
_c2005
300 _a225 صفحة؛
_bإيضاحات ؛
_c24 سم
490 _aسلسلة تنمية المهارات
504 _aالمراجع ص.224
520 _aأهمية الموارد البشرية، أنشطة ادارة الموارد البشرية، الدليل العلمي لتخطيط الموارد البشرية، مثال تطبيقي على تخطيط انشطة الموارد البشرية طبقا للتخطيط الاستراتيجي لإحدى الشركات.
653 _aإدارة الأفراد
653 _aالموارد البشرية
942 _cكتاب
999 _c45685
_d45685